Teória a didaktika volejbalu

Bibliographic Details
Main Author: Ďuriček, Milan, 1947- (Author)
Format: Book
Language:Slovak
PhysicalDescription:84 strán obrázky, schémy 31 cm
Published: Košice Rektorát Univerzity P.J. Šafárika 1983
Edition:1. vydanie
Series:Vysokoškolské učebné texty
Subjects:

MARC

LEADER 00000cam a2200000 a 4500
001 vtls001117060
003 SK-MaSNL
005 20260302025017.0
008 240517s1983 xo a f np 00000 slo
015 |a SNBA1984/01 
035 |a SNK000059903 
040 |a SNK  |b slo  |c SNK  |e AACR2 
041 0 |a slo 
044 |a xo  |c SK 
080 |a 796.825:371.3(075.8)  |2 1981 
080 |a 371.3(075.8)  |2 1981 
080 |a 371.3  |2 1981 
080 |a 796.825(075.8)  |2 1981 
100 1 |a Ďuriček, Milan,  |d 1947-  |4 aut  |9 113167 
245 1 0 |a Teória a didaktika volejbalu  |c Milan Ďuriček 
250 |a 1. vydanie 
260 |a Košice  |b Rektorát Univerzity P.J. Šafárika  |c 1983  |e Košice  |f Edičné stredisko UPJŠ 
300 |a 84 strán  |b obrázky, schémy  |c 31 cm 
366 |e 200 kusov 
490 1 |a Vysokoškolské učebné texty 
504 |a Obsahuje bibliografiu 
650 0 7 |a volejbal  |2 SNKPH  |9 3294 
650 0 7 |a teória a didaktika  |2 SNKPH  |9 451044 
655 7 |a učebnice vysokých škôl  |2 SNKPH  |9 70191 
830 0 |a Vysokoškolské učebné texty  |9 276539 
852 |a Slovenská národná knižnica 
954 |a odborná, vedecká literatúra pôvodná (slovenská)  |2 lita 
958 |a OND 
958 |a NB 
958 |a RM 
958 |a UV 
999 |c 1042613  |d 1044543 
952 |a SNK  |b SNK  |y PREZ  |7 0  |p 17A0776370  |o snkSB 36910  |0 0  |1 0  |4 0  |d 2012-04-02  |f 1  |l 0  |r 2025-04-15 00:00:00  |w 2026-02-24 
952 |t P60, <04>, [BOOK], {604}  |a SNK  |b SNK  |y VYP  |7 0  |p 17A0209353  |o snkSB 36910 D1  |0 0  |1 0  |4 0  |d 1999-09-07  |l 0  |r 2004-12-31 00:00:00  |w 2026-02-24